[Event "11e Open International de La Fere"]
[Site "La Fere (FRA)"]
[Date "2012.07.13"]
[Round "8.39"]
[White "Fornes, Paul"]
[Black "Tenot, Fabrice"]
[Result "1-0"]
[WhiteElo "1353"]
[BlackElo "1620"]
[PlyCount "89"]
[EventDate "2012.??.??"]

1. d4 d5 2. Nf3 Nf6 3. e3 e6 4. Bd3 Nc6 5. c3 Bd6 6. Nbd2 O-O 7. O-O Re8 8. Re1
e5 9. dxe5 Nxe5 10. Nxe5 Rxe5 11. e4 Rh5 12. h3 Be6 13. Be2 Rh4 14. exd5 Nxd5
15. Nf3 Rh5 16. Nd4 Re5 17. Qd3 Qh4 18. Nf3 Nf4 19. Bxf4 Qxf4 20. Nxe5 Qxe5 21.
Bf3 Qh2+ 22. Kf1 Bxh3 23. gxh3 Qxh3+ 24. Ke2 Bf4 25. Rh1 Re8+ 26. Kd1 Qe6 27.
Qxh7+ Kf8 28. Kc2 Bh6 29. Qd3 Qf6 30. Rad1 c6 31. Qd6+ Qxd6 32. Rxd6 Re7 33.
Rd8+ Re8 34. Rxe8+ Kxe8 35. Re1+ Kd7 36. Kd3 Bg5 37. Rg1 Bf6 38. Bg4+ Kd6 39.
f4 g6 40. Rh1 b5 41. Rh7 Ke7 42. Bf3 c5 43. Bd5 b4 44. cxb4 cxb4 45. Rxf7+ 1-0

[Event "11e Open International de La Fere"]
[Site "La Fere (FRA)"]
[Date "2012.07.13"]
[Round "8.40"]
[White "Tonneau, Bastien"]
[Black "Perrin, Yves"]
[Result "0-1"]
[WhiteElo "1504"]
[BlackElo "1890"]
[PlyCount "72"]
[EventDate "2012.??.??"]

1. e4 e6 2. d4 c5 3. c3 Qb6 4. Nf3 Nf6 5. e5 Nd5 6. c4 Qb4+ 7. Nbd2 Ne7 8. a3
Qa5 9. dxc5 Nbc6 10. Bd3 Ng6 11. Bxg6 hxg6 12. O-O Qc7 13. Re1 Rh5 14. b4 Nxe5
15. Nxe5 Rxe5 16. Bb2 Rh5 17. Nf3 f6 18. Qc2 Kf7 19. Rad1 b6 20. cxb6 axb6 21.
g3 Bb7 22. Qd3 Rd8 23. b5 Be7 24. Nh4 Rh6 25. Bc1 g5 26. Nf3 Ba8 27. Re3 Qb7
28. Kf1 Bc5 29. Nxg5+ fxg5 30. Re5 Rxh2 31. Be3 Qf3 32. Ke1 Rh1+ 33. Kd2 Qxd1+
34. Kc3 Qa1+ 35. Kb3 Rb1+ 36. Kc2 Rb2+ 0-1

[Event "11e Open International de La Fere"]
[Site "La Fere (FRA)"]
[Date "2012.07.13"]
[Round "8.41"]
[White "Wolfangel, Jocelyne"]
[Black "Molet, Asher"]
[Result "0-1"]
[WhiteElo "1452"]
[BlackElo "1844"]
[PlyCount "73"]
[EventDate "2012.??.??"]

1. d4 d5 2. Nf3 e6 3. Bg5 Nf6 4. c4 Nbd7 5. a3 Be7 6. Nc3 O-O 7. Qc2 c5 8. e3
Qa5 9. Bd3 dxc4 10. Be2 b5 11. O-O a6 12. Bh4 Bb7 13. Ng5 Qd8 14. Bg3 h6 15.
Nge4 Nxe4 16. Nxe4 cxd4 17. exd4 Rc8 18. Bd6 Bxe4 19. Bxe7 Bxc2 20. Bxd8 Rfxd8
21. Rac1 Bb3 22. f4 Nf6 23. Bf3 a5 24. Rc3 Rxd4 25. Bb7 Rcd8 26. Rcc1 Rd2 27.
Bc6 b4 28. axb4 axb4 29. Bb5 Rc8 30. Ba6 Rc5 31. Rf2 Ne4 32. Rf3 Rxb2 33. Bb7
Nd2 34. Rf2 Ra5 35. g3 Raa2 36. Re1 c3 37. Ree2 0-1

[Event "11e Open International de La Fere"]
[Site "La Fere (FRA)"]
[Date "2012.07.13"]
[Round "8.42"]
[White "Galoppa, Ludovic"]
[Black "Rech, Thomas"]
[Result "1-0"]
[WhiteElo "1799"]
[BlackElo "1390"]
[PlyCount "59"]
[EventDate "2012.??.??"]

1. c4 e5 2. Nc3 Nc6 3. g3 Bc5 4. Bg2 Nge7 5. a3 a6 6. e3 d6 7. Nge2 O-O 8. b4
Ba7 9. d4 exd4 10. Nxd4 Nxd4 11. exd4 Ng6 12. O-O Rb8 13. Be3 b6 14. b5 a5 15.
Qd2 Qd7 16. Rae1 Bb7 17. d5 Qg4 18. f4 Ne7 19. Qd3 Nf5 20. Bc1 Bc8 21. Ne4 Qg6
22. Bb2 Nh6 23. Qd2 Qh5 24. Ng5 Bf5 25. h3 Qg6 26. g4 Bd3 27. Rf3 Bxc4 28. f5
Qf6 29. Bxf6 gxf6 30. a4 1-0

[Event "11e Open International de La Fere"]
[Site "La Fere (FRA)"]
[Date "2012.07.13"]
[Round "8.43"]
[White "Vekemans, Paul"]
[Black "Caloone, Jules"]
[Result "0-1"]
[WhiteElo "1781"]
[BlackElo "1440"]
[PlyCount "88"]
[EventDate "2012.??.??"]

1. e4 d5 2. exd5 Nf6 3. d4 Bg4 4. Be2 Bxe2 5. Qxe2 c6 6. Nf3 cxd5 7. O-O e6 8.
Nbd2 Nc6 9. c3 Bd6 10. Ne5 Qc7 11. f4 O-O 12. g4 Rad8 13. g5 Nd7 14. Qg4 f5 15.
Qg3 Qb6 16. Nb3 Ndxe5 17. fxe5 Bxe5 18. Qe3 f4 19. Qe2 Bd6 20. Qxe6+ Rf7 21.
Bxf4 Nxd4 22. cxd4 Bxf4 23. Qxb6 axb6 24. g6 hxg6 25. Rae1 Rdf8 26. Kg2 Bg5 27.
Na1 Bh4 28. Rd1 Rf2+ 29. Rxf2 Rxf2+ 30. Kh3 Bf6 31. Nb3 Rxb2 32. Rd2 Rxd2 33.
Nxd2 Bxd4 34. Nf3 Bf6 35. Kg2 Kf7 36. Kf2 Ke6 37. Ke3 Kf5 38. h3 d4+ 39. Nxd4+
Bxd4+ 40. Kxd4 Kf4 41. Kc4 Kg3 42. Kb5 Kxh3 43. Kxb6 g5 44. Kxb7 g4 0-1

[Event "11e Open International de La Fere"]
[Site "La Fere (FRA)"]
[Date "2012.07.13"]
[Round "8.44"]
[White "Cossutta, Nello"]
[Black "Louis, Andre"]
[Result "1-0"]
[WhiteElo "1455"]
[BlackElo "1709"]
[PlyCount "98"]
[EventDate "2012.??.??"]

1. e4 c5 2. Nc3 Nc6 3. f4 g6 4. Nf3 Bg7 5. Bc4 d6 6. O-O Bg4 7. Be2 Bd7 8. Kh1
e6 9. Nb5 Qb8 10. d3 a6 11. Nc3 Nge7 12. Rb1 b5 13. a3 O-O 14. Bd2 Nd4 15. Nxd4
cxd4 16. Na2 f5 17. Bf3 Nc6 18. Nb4 Nxb4 19. Bxb4 a5 20. Bd2 Bc6 21. Qe1 Qc7
22. Rc1 Qb6 23. exf5 exf5 24. Qe6+ Kh8 25. Qxd6 Rf6 26. Bxc6 Rxd6 27. Bxa8 Qb8
28. Bf3 b4 29. Rfe1 Rd8 30. Re2 Bf8 31. axb4 axb4 32. b3 Bd6 33. g3 Qc7 34. Kg2
Kg7 35. Be1 Qd7 36. Bf2 Bf8 37. Re5 Qc7 38. Re6 Rd6 39. Re5 Qc3 40. Be1 Qb2 41.
Bd2 Rd8 42. g4 fxg4 43. Bxg4 h6 44. h4 Ra8 45. Kf3 Ra1 46. Ree1 Ra7 47. h5 Rc7
48. Rb1 Qxc2 49. Rbc1 Qxd3+ 1-0

[Event "11e Open International de La Fere"]
[Site "La Fere (FRA)"]
[Date "2012.07.13"]
[Round "8.45"]
[White "Sergent, Paul"]
[Black "Verhaeghe, Koen"]
[Result "0-1"]
[WhiteElo "1430"]
[BlackElo "1698"]
[PlyCount "94"]
[EventDate "2012.??.??"]

1. e4 e6 2. d4 d5 3. e5 c5 4. c3 Nc6 5. Nf3 Qb6 6. g3 cxd4 7. cxd4 Nge7 8. Bg2
Nf5 9. O-O Nfxd4 10. Nxd4 Qxd4 11. Qxd4 Nxd4 12. Nc3 Bd7 13. Be3 Nc2 14. Rac1
Nxe3 15. fxe3 Bc6 16. Ne2 Be7 17. Nd4 Rc8 18. e4 O-O 19. exd5 Bxd5 20. Bxd5
exd5 21. Nf5 Bc5+ 22. Kh1 g6 23. Nd6 Bxd6 24. exd6 Rfd8 25. Rxc8 Rxc8 26. Rd1
Rd8 27. Rxd5 Rd7 28. Kg2 f6 29. Kf3 Kf7 30. g4 Ke6 31. Ke4 Rxd6 32. Rb5 b6 33.
h4 h6 34. a4 Rc6 35. b3 Rc5 36. Rxc5 bxc5 37. Kf4 g5+ 38. hxg5 hxg5+ 39. Ke4 a5
40. Kd3 Kd5 41. Kc3 f5 42. gxf5 g4 43. f6 Ke6 44. Kc4 g3 45. Kxc5 g2 46. Kb5
g1=Q 47. Kxa5 Qc5+ 0-1

[Event "11e Open International de La Fere"]
[Site "La Fere (FRA)"]
[Date "2012.07.13"]
[Round "8.46"]
[White "Degraeve, Remy"]
[Black "Herman, Jose"]
[Result "1/2-1/2"]
[WhiteElo "1368"]
[BlackElo "1641"]
[PlyCount "88"]
[EventDate "2012.??.??"]

1. e4 e6 2. d4 d5 3. e5 c5 4. Nf3 Nc6 5. Bd3 Qb6 6. O-O cxd4 7. Nbd2 Be7 8. Nb3
f6 9. Nfxd4 Nxe5 10. Be3 Qc7 11. Bf4 Bd7 12. Qh5+ Kd8 13. Rfe1 Bd6 14. Bxe5
Bxe5 15. h3 Nh6 16. f4 Bxd4+ 17. Nxd4 Qd6 18. Re2 Kc7 19. Rc1 Rae8 20. Rce1 Kb8
21. f5 e5 22. Nb3 Rc8 23. Qf3 e4 24. Bxe4 dxe4 25. Qxe4 Qb6+ 26. Kh1 Qc6 27.
Qb4 b6 28. Re7 Ka8 29. Rxg7 Nxf5 30. Rf7 Rhg8 31. Qd2 Ng3+ 32. Kg1 Rc7 33. Ree7
Rd8 34. Rxh7 Ne4 35. Qd4 f5 36. h4 Qf6 37. Qd5+ Kb8 38. Rxd7 Rcxd7 39. Rxd7
Rxd7 40. Qxd7 Qxh4 41. Qxf5 Qe1+ 42. Qf1 Qe3+ 43. Kh2 Qh6+ 44. Kg1 Qe3+ 1/2-1/2

[Event "11e Open International de La Fere"]
[Site "La Fere (FRA)"]
[Date "2012.07.13"]
[Round "8.47"]
[White "Bracq, Christian"]
[Black "Baye, Dylan"]
[Result "1-0"]
[WhiteElo "1640"]
[BlackElo "1280"]
[PlyCount "47"]
[EventDate "2012.??.??"]

1. e4 e5 2. Nc3 Nf6 3. f4 exf4 4. d4 Be7 5. Bxf4 d5 6. e5 Ne4 7. Nxe4 dxe4 8.
Bc4 O-O 9. Ne2 Bf5 10. Ng3 Bg5 11. Nxf5 Bxf4 12. Qg4 Bh6 13. Nxh6+ Kh8 14.
Nxf7+ Rxf7 15. Bxf7 Nc6 16. c3 Qe7 17. O-O Rf8 18. e6 Nd8 19. Qxe4 c6 20. Rf3
Nxf7 21. Rxf7 Rxf7 22. exf7 Qxf7 23. Rf1 Qg8 24. Qe7 1-0

[Event "11e Open International de La Fere"]
[Site "La Fere (FRA)"]
[Date "2012.07.13"]
[Round "8.48"]
[White "Caloone, Claire"]
[Black "Cretin, Stephane"]
[Result "0-1"]
[WhiteElo "1287"]
[BlackElo "1640"]
[PlyCount "78"]
[EventDate "2012.??.??"]

1. e4 e6 2. d4 d5 3. exd5 exd5 4. Nf3 Bg4 5. Be2 Nc6 6. O-O Nf6 7. Nc3 Qd6 8.
Re1 O-O-O 9. Ng5 Be6 10. Bb5 h6 11. Nf3 Bg4 12. Qd3 Bxf3 13. Bxc6 Qxc6 14. Qxf3
Bd6 15. Bf4 Bb4 16. Re3 Rhe8 17. a3 Rxe3 18. Qxe3 Bxc3 19. Qxc3 Qxc3 20. bxc3
Ne4 21. Be5 f6 22. Bf4 Nxc3 23. Bd2 Ne2+ 24. Kf1 Nxd4 25. c3 Nb3 26. Rd1 d4 27.
Ke1 dxc3 28. Bxc3 Rxd1+ 29. Kxd1 Kd7 30. Kc2 Nc5 31. Bd4 Kc6 32. f3 b6 33. Kc3
Kb5 34. g4 Ka4 35. Bxc5 bxc5 36. Kc4 Kxa3 37. Kxc5 a5 38. Kb5 a4 39. Kc4 Kb2
0-1

[Event "11e Open International de La Fere"]
[Site "La Fere (FRA)"]
[Date "2012.07.13"]
[Round "8.49"]
[White "Van Poucke, Guy"]
[Black "Biellmann, Patrick"]
[Result "1-0"]
[WhiteElo "1594"]
[BlackElo "1330"]
[PlyCount "107"]
[EventDate "2012.??.??"]

1. e4 e5 2. Nf3 Nf6 3. Nxe5 d5 4. exd5 Nxd5 5. d4 Bd6 6. Bd3 c6 7. O-O Nd7 8.
Nxd7 Bxd7 9. c4 Nf6 10. Re1+ Be6 11. d5 cxd5 12. cxd5 Nxd5 13. Bb5+ Kf8 14. Nc3
Nxc3 15. bxc3 Qc7 16. g3 a6 17. Bf1 h5 18. Qf3 Re8 19. Bg5 Bd5 20. Rac1 h4 21.
Bf4 Bxf4 22. gxf4 Rh6 23. f5 Bxa2 24. Rxe8+ Kxe8 25. Re1+ Kf8 26. Qe3 Qd7 27.
Qf4 Qd8 28. Qb4+ Rd6 29. Rd1 Ke7 30. Qxh4+ f6 31. Qe4+ Kf8 32. Qb4 Ke7 33.
Qxb7+ Qd7 34. Qxd7+ Kxd7 35. Rxd6+ Kxd6 36. Bxa6 Kc5 37. Bd3 Kd6 38. Kg2 Ke5
39. Kg3 Bg8 40. h4 Bh7 41. Kf3 Bxf5 42. Bxf5 Kxf5 43. Ke3 Ke5 44. f4+ Kd5 45.
Kd3 Ke6 46. Ke4 f5+ 47. Kd4 g6 48. c4 Kd7 49. Kd5 Kc7 50. Ke5 Kc6 51. Kf6 g5
52. hxg5 Kc5 53. g6 Kxc4 54. g7 1-0

[Event "11e Open International de La Fere"]
[Site "La Fere (FRA)"]
[Date "2012.07.13"]
[Round "8.50"]
[White "Calonne, Pascal"]
[Black "Lepere, Rodrigue"]
[Result "1-0"]
[WhiteElo "1558"]
[BlackElo "1280"]
[PlyCount "91"]
[EventDate "2012.??.??"]

1. Nf3 d6 2. d4 Nf6 3. c4 c6 4. Nc3 Nbd7 5. e4 e5 6. dxe5 dxe5 7. Be2 Bb4 8.
Qc2 Qc7 9. O-O O-O 10. Nb1 Nc5 11. a3 Qa5 12. Bd2 Bxd2 13. Nbxd2 Qc7 14. b4 Ne6
15. Qc3 Nd7 16. c5 a6 17. Nc4 f6 18. Nd6 Kh8 19. Bc4 Ng5 20. Nxg5 fxg5 21. Nf7+
Kg8 22. Nxg5+ Kh8 23. Nf7+ Kg8 24. Nxe5+ Kh8 25. Nf7+ Kg8 26. Nd6+ Kh8 27. e5
b6 28. Bb3 a5 29. Qe3 bxc5 30. bxc5 Qa7 31. Rac1 Nb8 32. Rfd1 Qe7 33. Nxc8 Rxc8
34. e6 a4 35. Ba2 Ra5 36. Qc3 Ra7 37. Rd3 Re8 38. Rf3 Rf8 39. Rxf8+ Qxf8 40.
Qe5 Re7 41. Qd6 h6 42. Rb1 Na6 43. Qxc6 Nc7 44. Qd6 Nb5 45. Rxb5 Qe8 46. Rb8
1-0

[Event "11e Open International de La Fere"]
[Site "La Fere (FRA)"]
[Date "2012.07.14"]
[Round "9.1"]
[White "Georgiev, Vladimir"]
[Black "Rusev, Krasimir"]
[Result "1/2-1/2"]
[WhiteElo "2562"]
[BlackElo "2540"]
[PlyCount "51"]
[EventDate "2012.??.??"]

1. d4 d5 2. c4 c6 3. Nf3 Nf6 4. Nc3 a6 5. c5 Nbd7 6. Bf4 Nh5 7. Bd2 Nhf6 8. Bf4
Nh5 9. Bd2 Nhf6 10. h3 g6 11. Bf4 Bg7 12. e3 O-O 13. Be2 Ne8 14. O-O Nc7 15.
Qc2 Re8 16. Rad1 e5 17. Nxe5 Nxe5 18. Bxe5 Bxe5 19. dxe5 Rxe5 20. e4 Qe7 21.
exd5 cxd5 22. b4 Bf5 23. Bd3 Re8 24. Bxf5 Rxf5 25. Qd2 Re5 26. Qd4 1/2-1/2

[Event "11e Open International de La Fere"]
[Site "La Fere (FRA)"]
[Date "2012.07.14"]
[Round "9.2"]
[White "Degraeve, Jean-Marc"]
[Black "Llaneza Vega, Patricia"]
[Result "1-0"]
[WhiteElo "2580"]
[BlackElo "2225"]
[PlyCount "89"]
[EventDate "2012.??.??"]

1. e4 c5 2. Nf3 Nc6 3. Bb5 g6 4. O-O Bg7 5. Re1 Nf6 6. c3 O-O 7. h3 e5 8. d3 d6
9. a3 Qc7 10. b4 b6 11. Nbd2 Bb7 12. Bb2 a5 13. bxc5 bxc5 14. a4 Na7 15. Bc4
Rab8 16. Qc2 Bc6 17. Bc1 Nc8 18. Bb3 Nb6 19. Nc4 Nxc4 20. Bxc4 Qb7 21. Bg5 Qb2
22. Qxb2 Rxb2 23. Reb1 Rxb1+ 24. Rxb1 Bxa4 25. Rb6 Bd1 26. Rxd6 Nh5 27. Be7 Re8
28. Rd7 a4 29. Bxc5 Bb3 30. Bxb3 axb3 31. Rb7 Nf4 32. Ne1 Ne2+ 33. Kf1 Nxc3 34.
Rxb3 Na4 35. Be3 Bf8 36. g3 Nc5 37. Rb5 Rc8 38. g4 h6 39. Ke2 Kg7 40. Nf3 f6
41. h4 Ne6 42. g5 hxg5 43. hxg5 Nxg5 44. Nxg5 fxg5 45. Rxe5 1-0

[Event "11e Open International de La Fere"]
[Site "La Fere (FRA)"]
[Date "2012.07.14"]
[Round "9.3"]
[White "Mancini, Mario"]
[Black "Arnaudov, G. Petar"]
[Result "0-1"]
[WhiteElo "2282"]
[BlackElo "2486"]
[PlyCount "132"]
[EventDate "2012.??.??"]

1. d4 g6 2. c4 Bg7 3. g3 c5 4. d5 d6 5. Bg2 Nf6 6. Nc3 O-O 7. Nf3 e6 8. O-O
exd5 9. cxd5 a6 10. a4 Nbd7 11. Bf4 Qc7 12. Qc1 Re8 13. h3 Rb8 14. a5 b5 15.
axb6 Nxb6 16. Ng5 Nh5 17. Nge4 Nxf4 18. Qxf4 Rd8 19. Nf6+ Kh8 20. Qh4 h6 21.
Ng4 Bxg4 22. Qxg4 Nd7 23. Rxa6 Rxb2 24. Rc1 Rb4 25. Qf3 Ne5 26. Qe3 f5 27. Qd2
Qe7 28. Qa2 Rd7 29. Rc2 f4 30. Ne4 fxg3 31. Nxg3 Rdb7 32. Rc1 h5 33. Qd2 Kh7
34. Ra2 Qh4 35. e3 Rf7 36. Qe2 Rfb7 37. Qc2 Bh6 38. Qe2 Bg7 39. Qa6 R7b6 40.
Qe2 Rb7 41. Qc2 Rc4 42. Qd1 Rxc1 43. Qxc1 Nd3 44. Qd1 Nxf2 45. Kxf2 Be5 46. Qf3
Kg7 47. Kg1 Rf7 48. Qxf7+ Kxf7 49. Ra7+ Kf8 50. Nf1 c4 51. Ra4 Ke7 52. Rb4 Kd8
53. Kh1 Kc7 54. Kg1 Bc3 55. Rb1 Be1 56. Nh2 Bf2+ 57. Kh1 Bxe3 58. Nf3 Qf2 59.
Rf1 Qa2 60. Re1 Bc5 61. Ng5 c3 62. Ne6+ Kd7 63. Be4 Qc4 64. Rb1 Bb4 65. Ng5 c2
66. Rc1 Bd2 0-1

[Event "11e Open International de La Fere"]
[Site "La Fere (FRA)"]
[Date "2012.07.14"]
[Round "9.4"]
[White "Jerez Perez, Alfonso"]
[Black "Barbaut, Michel"]
[Result "1-0"]
[WhiteElo "2407"]
[BlackElo "2032"]
[PlyCount "47"]
[EventDate "2012.??.??"]

1. Nf3 Nc6 2. d4 d5 3. Bf4 Bg4 4. e3 e6 5. Be2 Bd6 6. Bxd6 Qxd6 7. O-O Bxf3 8.
Bxf3 Nf6 9. c4 O-O-O 10. c5 Qe7 11. b4 Nxb4 12. Qa4 Nc6 13. Nc3 a6 14. Rab1 Nb8
15. Qb4 c6 16. Na4 Kd7 17. Qxb7+ Ke8 18. Qa8 Nfd7 19. Rb7 f6 20. Rfb1 Kf7 21.
Be2 Kg6 22. Bxa6 f5 23. Bd3 Qe8 24. Qa7 1-0

[Event "11e Open International de La Fere"]
[Site "La Fere (FRA)"]
[Date "2012.07.14"]
[Round "9.5"]
[White "Godart, Francois"]
[Black "Feryn, Benjamin"]
[Result "1-0"]
[WhiteElo "2317"]
[BlackElo "2112"]
[PlyCount "71"]
[EventDate "2012.??.??"]

1. d4 Nf6 2. c4 g6 3. Nc3 Bg7 4. g3 O-O 5. Bg2 d6 6. Nf3 Nbd7 7. O-O e5 8. e4
c6 9. h3 Qc7 10. Be3 exd4 11. Nxd4 Nc5 12. Re1 Re8 13. Qc2 Be6 14. b4 Ncd7 15.
Nxe6 fxe6 16. Rac1 Rad8 17. f4 Qb8 18. Qf2 a6 19. Red1 Rf8 20. a4 h6 21. Rd3
Rf7 22. Rcd1 Ne8 23. Qd2 b5 24. axb5 axb5 25. c5 Bxc3 26. Qxc3 d5 27. exd5 exd5
28. Bd4 Ng7 29. Re1 Re8 30. Rde3 Rxe3 31. Rxe3 Qf8 32. h4 Nf6 33. Re1 Nf5 34.
Re6 Nxd4 35. Qxd4 Kg7 36. Rxc6 1-0

[Event "11e Open International de La Fere"]
[Site "La Fere (FRA)"]
[Date "2012.07.14"]
[Round "9.7"]
[White "Merbeth, Paul"]
[Black "Bardoux, Thierry"]
[Result "0-1"]
[WhiteElo "1718"]
[BlackElo "2157"]
[PlyCount "90"]
[EventDate "2012.??.??"]

1. e4 c5 2. Nf3 e6 3. d3 Nc6 4. g3 g6 5. Bg2 Bg7 6. c3 Nge7 7. O-O O-O 8. Be3
b6 9. Nbd2 Bb7 10. d4 cxd4 11. cxd4 d5 12. e5 Nf5 13. Bg5 Qd7 14. Nb1 h6 15.
Bd2 Rfc8 16. Be3 Ba6 17. Re1 Nb4 18. Nc3 Nd3 19. Qd2 Nxe1 20. Rxe1 Nxe3 21.
Qxe3 Qe7 22. a3 Rc6 23. Nd2 Rac8 24. f4 Rxc3 25. bxc3 Qxa3 26. Nb1 Qb2 27. g4
Bc4 28. Qc1 Qxc1 29. Rxc1 Be2 30. h3 Bd3 31. Kf2 Bxb1 32. Rxb1 Rxc3 33. Bf1 Bf8
34. Ke2 Ba3 35. Ra1 Kf8 36. f5 Ke7 37. fxg6 fxg6 38. Kd2 Rg3 39. Bd3 Bb4+ 40.
Kc2 a5 41. Bf1 Rc3+ 42. Kb2 Re3 43. Kc2 Bc3 44. Rd1 a4 45. Rd3 Rxd3 0-1

[Event "11e Open International de La Fere"]
[Site "La Fere (FRA)"]
[Date "2012.07.14"]
[Round "9.8"]
[White "Feryn, Alexandre"]
[Black "Obert, Julien"]
[Result "1-0"]
[WhiteElo "2114"]
[BlackElo "1810"]
[PlyCount "71"]
[EventDate "2012.??.??"]

1. e4 e6 2. d4 d5 3. Nc3 Nf6 4. e5 Nfd7 5. f4 c5 6. Nf3 Nc6 7. Be3 cxd4 8. Nxd4
Bc5 9. Qd2 a6 10. Be2 Nxd4 11. Bxd4 Bxd4 12. Qxd4 Qc7 13. O-O O-O 14. Kh1 b6
15. Rae1 Bb7 16. Bg4 Qc5 17. Qd3 Rae8 18. Rf3 g6 19. Rh3 Re7 20. Rhe3 Rfe8 21.
R3e2 b5 22. Qh3 Qb4 23. Qh6 Qxb2 24. Nd1 Qb4 25. Nf2 Rc8 26. Rd1 Nf8 27. Bf3
Rec7 28. Ng4 Qe7 29. Nf6+ Kh8 30. Bg4 Rxc2 31. Re3 d4 32. Rg3 Rxa2 33. Bf3 Bxf3
34. Rxf3 Qb7 35. Rg3 Qe7 36. Rh3 1-0

[Event "11e Open International de La Fere"]
[Site "La Fere (FRA)"]
[Date "2012.07.14"]
[Round "9.9"]
[White "Cazacu, Gabriela"]
[Black "Sobry, Sebastien"]
[Result "0-1"]
[WhiteElo "1814"]
[BlackElo "2039"]
[PlyCount "78"]
[EventDate "2012.??.??"]

1. d4 c5 2. d5 d6 3. c4 Nf6 4. Nc3 g6 5. e4 Bg7 6. f4 O-O 7. Nf3 e6 8. Bd3 exd5
9. cxd5 Re8 10. O-O c4 11. Bc2 b5 12. a3 Qb6+ 13. Kh1 Nbd7 14. h3 a5 15. Re1
Qb8 16. Nd4 Ba6 17. Nc6 Qc7 18. Be3 Nb8 19. Nxb8 Qxb8 20. Bd4 b4 21. axb4 axb4
22. Na4 b3 23. Nb6 bxc2 24. Qxc2 Nxd5 25. exd5 Rxe1+ 26. Rxe1 Bxd4 27. Nxa8
Qxa8 28. Qa4 Qb7 29. Ra1 Qxb2 30. Qe8+ Kg7 31. Re1 Bf2 32. Rf1 c3 33. Rxf2 Qxf2
34. Qc8 Qf1+ 35. Kh2 Qxf4+ 36. Kh1 Qe5 37. Qxa6 c2 38. Qf1 Qb2 39. Kh2 c1=Q 0-1

[Event "11e Open International de La Fere"]
[Site "La Fere (FRA)"]
[Date "2012.07.14"]
[Round "9.10"]
[White "Dumas, Victor"]
[Black "Brobecker, Alain"]
[Result "1-0"]
[WhiteElo "2064"]
[BlackElo "1793"]
[PlyCount "29"]
[EventDate "2012.??.??"]

1. e4 d5 2. exd5 Nf6 3. d4 Nxd5 4. c4 Nb6 5. Nc3 e5 6. d5 Bf5 7. Nf3 N8d7 8.
Be3 Bd6 9. Be2 Bg6 10. O-O e4 11. Nd4 Ne5 12. b3 h5 13. f3 Qh4 14. Bf2 Nxf3+
15. Nxf3 1-0

[Event "11e Open International de La Fere"]
[Site "La Fere (FRA)"]
[Date "2012.07.14"]
[Round "9.12"]
[White "Waquet, Frederic"]
[Black "Brugge, Bruno"]
[Result "1-0"]
[WhiteElo "1966"]
[BlackElo "1735"]
[PlyCount "47"]
[EventDate "2012.??.??"]

1. e4 c5 2. Nc3 Nc6 3. f4 g6 4. Nf3 Bg7 5. Bb5 Qb6 6. Nd5 Qd8 7. c3 e6 8. Ne3
Nge7 9. O-O O-O 10. d3 a6 11. Ba4 b5 12. Bc2 Bb7 13. f5 exf5 14. exf5 d5 15.
Ng5 Qd6 16. d4 cxd4 17. Ng4 Nxf5 18. Bxf5 gxf5 19. Rxf5 h6 20. Rf6 Bxf6 21.
Nxh6+ Kg7 22. Nf5+ Kg6 23. Nxd6 Bc8 24. Qd3+ 1-0

[Event "11e Open International de La Fere"]
[Site "La Fere (FRA)"]
[Date "2012.07.14"]
[Round "9.13"]
[White "Jimenez, Martin"]
[Black "Gomes, Alexis"]
[Result "0-1"]
[WhiteElo "1953"]
[BlackElo "1607"]
[PlyCount "102"]
[EventDate "2012.??.??"]

1. d4 Nf6 2. Nf3 e6 3. e3 b6 4. Bd3 Bb7 5. Nbd2 c5 6. b3 Nc6 7. a3 cxd4 8. exd4
d5 9. O-O Be7 10. Bb2 O-O 11. Ne5 Rc8 12. f4 Nd7 13. Qh5 f5 14. Rf3 Nf6 15. Qh3
Ne4 16. Nf1 Nxe5 17. dxe5 Qe8 18. c4 dxc4 19. Bxc4 Bc5+ 20. Ne3 Nd2 21. Rf2
Nxc4 22. bxc4 Bxe3 23. Qxe3 Rxc4 24. Bc3 Qc6 25. Bb4 Rc8 26. h3 Rc2 27. Ra2
Rxa2 28. Rxa2 Qc1+ 29. Qxc1 Rxc1+ 30. Kf2 Kf7 31. Rd2 Bd5 32. Rb2 Ra1 33. Rc2
Ra2 34. Rxa2 Bxa2 35. Ke3 a5 36. Bd6 b5 37. Kd4 Bc4 38. h4 a4 39. Bb4 Kg6 40.
g3 Kh5 41. Ke3 Kg4 42. Kf2 h6 43. Be1 g5 44. Ke3 gxf4+ 45. gxf4 h5 46. Bf2 b4
47. Kd4 b3 48. Kc3 Bd5 49. Be3 Kxh4 50. Kd3 Kg3 51. Bc1 h4 0-1

[Event "11e Open International de La Fere"]
[Site "La Fere (FRA)"]
[Date "2012.07.14"]
[Round "9.14"]
[White "Roux, Jean-Francois"]
[Black "Husson, Cybele"]
[Result "1/2-1/2"]
[WhiteElo "1656"]
[BlackElo "1937"]
[PlyCount "102"]
[EventDate "2012.??.??"]

1. d4 f5 2. c4 g6 3. Nf3 Bg7 4. g3 c6 5. Bg2 Nf6 6. Nc3 O-O 7. O-O d6 8. Be3
Qc7 9. d5 Nbd7 10. Rc1 Ne5 11. b3 Nxf3+ 12. Bxf3 Bd7 13. Bf4 c5 14. Qd2 a6 15.
e4 Rf7 16. Rfe1 fxe4 17. Nxe4 Nxe4 18. Bxe4 b5 19. Bh6 Bd4 20. Be3 Be5 21. Bg2
b4 22. Qe2 Bf6 23. Bd2 Qc8 24. f4 a5 25. Kh1 a4 26. Rc2 axb3 27. axb3 Ra3 28.
Rb1 Qa6 29. Be4 Rf8 30. Kg2 Ra1 31. Qd1 Ra8 32. Rcc1 Qa2 33. Rxa1 Bxa1 34. h3
Bc3 35. Bc2 Bxd2 36. Qxd2 Qb2 37. Kf3 Ra2 38. g4 Qf6 39. Re1 Kg7 40. Qe3 Kf8
41. Bb1 Rb2 42. Kg3 Qc3 43. Bd3 Qf6 44. Rb1 Rxb1 45. Bxb1 Kf7 46. Bc2 e6 47.
dxe6+ Bxe6 48. Qd3 Ke7 49. Qe4 Qc3+ 50. Kh4 Qf6+ 51. Kg3 Qc3+ 1/2-1/2

[Event "11e Open International de La Fere"]
[Site "La Fere (FRA)"]
[Date "2012.07.14"]
[Round "9.15"]
[White "Le Kouaghet, Euen"]
[Black "Biniaux, Michael"]
[Result "0-1"]
[WhiteElo "1920"]
[BlackElo "1724"]
[PlyCount "76"]
[EventDate "2012.??.??"]

1. c4 d5 2. d4 c6 3. cxd5 cxd5 4. Nc3 Nc6 5. Bf4 Qa5 6. e3 Nf6 7. Bd3 a6 8. a3
b5 9. b4 Qb6 10. h3 Bb7 11. Nf3 e6 12. O-O Be7 13. g4 O-O 14. Ne5 Nxe5 15. Bxe5
Nd7 16. Bg3 Rac8 17. Rc1 g6 18. Qe2 Kh8 19. Rc2 f5 20. f4 Nf6 21. g5 Ne4 22.
Bxe4 dxe4 23. Rfc1 Rc4 24. Na4 Rxc2 25. Qxc2 bxa4 26. Qxa4 Rd8 27. Be1 Bd6 28.
Kf2 Bxf4 29. Qb3 e5 30. Qf7 Bxe3+ 31. Kxe3 exd4+ 32. Kf2 d3+ 33. Kf1 e3 34. Bf2
d2 35. Rd1 Qb5+ 36. Kg1 exf2+ 37. Kxf2 Qc6 38. Rxd2 Qg2+ 0-1

[Event "11e Open International de La Fere"]
[Site "La Fere (FRA)"]
[Date "2012.07.14"]
[Round "9.16"]
[White "Pruvost, Alain"]
[Black "Urbaniak, Patrick"]
[Result "0-1"]
[WhiteElo "1604"]
[BlackElo "1918"]
[PlyCount "52"]
[EventDate "2012.??.??"]

1. b4 e5 2. b5 d5 3. Bb2 Bd6 4. c4 d4 5. e3 c5 6. exd4 exd4 7. Nf3 Nf6 8. Be2
O-O 9. O-O b6 10. d3 Bb7 11. Nbd2 Nbd7 12. Ng5 Ne5 13. f4 Ng6 14. Bf3 Bxf3 15.
Qxf3 Bxf4 16. Nde4 Nxe4 17. Nxe4 Be3+ 18. Kh1 f5 19. Ng3 Ne5 20. Qd1 f4 21. Ne4
Qh4 22. h3 f3 23. Kh2 fxg2 24. Rxf8+ Rxf8 25. Kxg2 Rf3 26. Qh1 Rf2+ 0-1

[Event "11e Open International de La Fere"]
[Site "La Fere (FRA)"]
[Date "2012.07.14"]
[Round "9.17"]
[White "Van Poucke, Anthony"]
[Black "Picart, Alban"]
[Result "1-0"]
[WhiteElo "1611"]
[BlackElo "1820"]
[PlyCount "57"]
[EventDate "2012.??.??"]

1. e4 e6 2. d4 c6 3. Nc3 a6 4. Bd3 d5 5. e5 c5 6. Nf3 Nc6 7. dxc5 Bxc5 8. O-O
Qc7 9. Bf4 Nge7 10. Qe2 Nd4 11. Nxd4 Bxd4 12. Nd1 Nc6 13. Re1 Nb4 14. c3 Nxd3
15. Qxd3 Bc5 16. c4 Ba7 17. Qg3 O-O 18. Bh6 f6 19. Bf4 Qc6 20. Ne3 Kf7 21. exf6
gxf6 22. Ng4 b5 23. Qh4 e5 24. Qxh7+ Ke8 25. Bxe5 Bxf2+ 26. Nxf2 fxe5 27. Rxe5+
Be6 28. Rae1 Rf6 29. Qg7 1-0

[Event "11e Open International de La Fere"]
[Site "La Fere (FRA)"]
[Date "2012.07.14"]
[Round "9.18"]
[White "Rouffignac, Marie"]
[Black "Mataigne, Jean-Michel"]
[Result "1/2-1/2"]
[WhiteElo "1689"]
[BlackElo "2008"]
[PlyCount "74"]
[EventDate "2012.??.??"]

1. e4 d6 2. d4 Nf6 3. Nc3 g6 4. f4 Bg7 5. Bd3 O-O 6. Nf3 Nc6 7. e5 dxe5 8. dxe5
Nd5 9. Nxd5 Qxd5 10. O-O Nb4 11. Be2 Qc5+ 12. Qd4 Qxd4+ 13. Nxd4 c5 14. c3 cxd4
15. cxb4 Be6 16. b3 f6 17. exf6 Bxf6 18. Bd3 Bf5 19. Bc4+ Kg7 20. Bb2 Rad8 21.
Rad1 Rd6 22. Rd2 h6 23. Rfd1 Rfd8 24. h3 h5 25. Kf2 h4 26. Bd3 e5 27. Bxf5 gxf5
28. fxe5 Bxe5 29. Rc2 R8d7 30. Rc5 Kf6 31. Kf3 Ke6 32. Re1 Rd5 33. Bxd4 Rxd4
34. Rcxe5+ Kf6 35. a3 Rd2 36. R1e2 R2d3+ 37. R5e3 R3d4 1/2-1/2